书目信息 |
| 题名: |
UGNX3产品模具设计入门一点通
|
|
| 作者: | 何华妹 编著 | |
| 分册: | ||
| 出版信息: | 北京 清华大学出版社 2005 |
|
| 页数: | 357页 | |
| 开本: | 26cm | |
| 丛书名: | ||
| 单 册: | ||
| 中图分类: | TG76-39 | |
| 科图分类: | ||
| 主题词: | 模具 | |
| 电子资源: | ||
| ISBN: | 7-302-11741-1 | |
| 000 | 00557nam0 2200181 450 | |
| 001 | 0735592734 | |
| 005 | 20070906095312.73 | |
| 010 | @a7-302-11741-1@d¥38.00 | |
| 100 | @a20070906d km y0chiy0120 ea | |
| 101 | 0 | @achi |
| 200 | 1 | @aUGNX3产品模具设计入门一点通@AUGNX3 chan pin mo ju she ji ru men yi dian tong@f何华妹等编著@Fhe hua mei deng bian zhu |
| 210 | @a北京@c清华大学出版社@d2005 | |
| 215 | @a357页@d26cm | |
| 606 | 0 | @a模具 |
| 690 | @aTG76-39@v3 | |
| 701 | 0 | @a何华妹@Ahe hua mei@4编著 |
| 801 | 0 | @aCN@bPFT@c20070906 |
| 905 | @a213230@dTG76-39@ep3@f1 | |
| UGNX3产品模具设计入门一点通/何华妹等编著.-北京:清华大学出版社,2005 |
| 357页;26cm |
| ISBN 7-302-11741-1:¥38.00 |
| ● |
| 相关链接 |
|
|
|
|
正题名:UGNX3产品模具设计入门一点通
索取号:TG76-39/p3
 
预约/预借
| 序号 | 登录号 | 条形码 | 馆藏地/架位号 | 状态 | 备注 |
| 1 | 7201861 | 272018498 | 密集书库-物理学院/ [索取号:TG76-39/p3] | 在馆 | |
| 2 | 7201862 | 272018504 | 密集书库-物理学院/ [索取号:TG76-39/p3] | 在馆 |